<?xml version="1.0" encoding="UTF-8"?>
<collection xmlns="http://www.loc.gov/MARC21/slim">
 <record>
  <leader>01317nam a2200349 a 4500</leader>
  <controlfield tag="001">29370</controlfield>
  <controlfield tag="003">BD-DhAAL</controlfield>
  <controlfield tag="005">20190523114844.0</controlfield>
  <controlfield tag="008">150615s2008    ne a          000 0 eng d</controlfield>
  <datafield tag="999" ind1=" " ind2=" ">
   <subfield code="c">34721</subfield>
   <subfield code="d">34721</subfield>
  </datafield>
  <datafield tag="010" ind1=" " ind2=" ">
   <subfield code="a">  2008464663</subfield>
  </datafield>
  <datafield tag="020" ind1=" " ind2=" ">
   <subfield code="a">9789056625207</subfield>
  </datafield>
  <datafield tag="020" ind1=" " ind2=" ">
   <subfield code="a">9056625209</subfield>
  </datafield>
  <datafield tag="035" ind1=" " ind2=" ">
   <subfield code="a">(OCoLC)ocn233033419</subfield>
  </datafield>
  <datafield tag="040" ind1=" " ind2=" ">
   <subfield code="a">XS#</subfield>
   <subfield code="c">XS#</subfield>
   <subfield code="d">OHX</subfield>
   <subfield code="d">CDX</subfield>
   <subfield code="d">BWX</subfield>
   <subfield code="d">BAKER</subfield>
   <subfield code="d">IXA</subfield>
   <subfield code="d">YDXCP</subfield>
   <subfield code="d">DLC</subfield>
   <subfield code="d">BD-DhAAL</subfield>
  </datafield>
  <datafield tag="041" ind1="1" ind2=" ">
   <subfield code="a">eng</subfield>
   <subfield code="h">und</subfield>
  </datafield>
  <datafield tag="050" ind1="0" ind2="0">
   <subfield code="a">NA9031</subfield>
   <subfield code="b">.S6185 2008</subfield>
  </datafield>
  <datafield tag="082" ind1="0" ind2="4">
   <subfield code="a">711.4</subfield>
   <subfield code="2">21</subfield>
  </datafield>
  <datafield tag="100" ind1="1" ind2=" ">
   <subfield code="a">Solà-Morales i Rubió, Manuel de.</subfield>
   <subfield code="9">12054</subfield>
  </datafield>
  <datafield tag="245" ind1="1" ind2="2">
   <subfield code="a">A matter of things /</subfield>
   <subfield code="c">Manuel de Solà-Morales ; with contributions by Kenneth Frampton and Hans Ibelings.</subfield>
  </datafield>
  <datafield tag="260" ind1=" " ind2=" ">
   <subfield code="a">Rotterdam :</subfield>
   <subfield code="b">NAi Publishers,</subfield>
   <subfield code="c">c2008.</subfield>
  </datafield>
  <datafield tag="300" ind1=" " ind2=" ">
   <subfield code="a">223 p. :</subfield>
   <subfield code="b">ill. (some col.) ;</subfield>
   <subfield code="c">26 cm.</subfield>
  </datafield>
  <datafield tag="526" ind1=" " ind2=" ">
   <subfield code="a">ARC</subfield>
  </datafield>
  <datafield tag="541" ind1=" " ind2=" ">
   <subfield code="e">29370</subfield>
  </datafield>
  <datafield tag="600" ind1="1" ind2="0">
   <subfield code="a">Solà-Morales i Rubió, Manuel de.</subfield>
   <subfield code="9">12055</subfield>
  </datafield>
  <datafield tag="650" ind1=" " ind2="0">
   <subfield code="a">City planning.</subfield>
   <subfield code="9">12056</subfield>
  </datafield>
  <datafield tag="650" ind1=" " ind2="0">
   <subfield code="a">Architecture, Modern</subfield>
   <subfield code="y">21st century.</subfield>
   <subfield code="9">12057</subfield>
  </datafield>
  <datafield tag="650" ind1=" " ind2="0">
   <subfield code="a">Architecture, Modern</subfield>
   <subfield code="y">20th century.</subfield>
   <subfield code="9">12058</subfield>
  </datafield>
  <datafield tag="700" ind1="1" ind2=" ">
   <subfield code="a">Frampton, Kenneth.</subfield>
   <subfield code="9">12059</subfield>
  </datafield>
  <datafield tag="700" ind1="1" ind2=" ">
   <subfield code="a">Ibelings, Hans.</subfield>
   <subfield code="9">12060</subfield>
  </datafield>
  <datafield tag="942" ind1=" " ind2=" ">
   <subfield code="2">ddc</subfield>
   <subfield code="c">BK</subfield>
  </datafield>
  <datafield tag="952" ind1=" " ind2=" ">
   <subfield code="0">0</subfield>
   <subfield code="1">0</subfield>
   <subfield code="2">ddc</subfield>
   <subfield code="4">0</subfield>
   <subfield code="6">711_400000000000000_SOL</subfield>
   <subfield code="7">0</subfield>
   <subfield code="9">54296</subfield>
   <subfield code="a">BRACUL</subfield>
   <subfield code="b">BRACUL</subfield>
   <subfield code="c">GEN</subfield>
   <subfield code="d">2015-06-15</subfield>
   <subfield code="e">Karim International</subfield>
   <subfield code="g">6250.00</subfield>
   <subfield code="l">3</subfield>
   <subfield code="m">9</subfield>
   <subfield code="o">711.4 SOL</subfield>
   <subfield code="p">3010029370</subfield>
   <subfield code="q">2026-06-29</subfield>
   <subfield code="r">2024-07-02</subfield>
   <subfield code="s">2024-07-02</subfield>
   <subfield code="t">1</subfield>
   <subfield code="w">2015-06-15</subfield>
   <subfield code="y">BK</subfield>
  </datafield>
 </record>
</collection>
